Statistics for One Piece Characters - Dressrosa

Click here to take the quiz!

General Stats

  • This quiz has been taken 287 times
  • The average score is 18 of 30

Answer Stats

HintAnswer% Correct
Female gladiator who has never been hitRebecca
94%
Luffy's older brother, revolutionarySabo
91%
Blind admiral with the gravity fruitFujitora
90%
Member of the grand fleet with the barrier fruitBartolomeo
84%
Member of the grand fleet who is 'beautiful'Cavendish
81%
Doflamingo family member with the stone fruitPica
80%
Doflamingo family member who turns people to toysSugar
80%
Princess pretending to be part of the Doflamingo familyViola
76%
Father of the above, was turned into a toyKyros
75%
Member of the grand fleet who is a tontattaLeo
74%
Doflamingo family member with the flag fruitDiamante
71%
Doflamingo family member with the mucus fruitTrebol
69%
Member of the grand fleet who is Don of the Happosui NavySai
68%
Doflamingo family member who dresses like a babySenor Pink
68%
Doflamingo family member who likes the letter GLao G
64%
Former king of DressrosaRiku
63%
Friend of the above, human who knows fishman karateKoala
59%
Princess of the tontattasMansherry
56%
Giant member of the grand fleetHajrudin
54%
Doflamingo family member who can blow himself upGladius
54%
Grandfather of the above, former Don of the Happosui navyDon Chinjao
52%
Member of the grand fleet who controls the yonta maria grand fleetOrlumbus
46%
Half-fishman member of the Doflamingo familyDellinger
46%
Member of the grand fleet who is a boxerIdeo
43%
Doflamingo family member with the ton-ton fruitMachvise
43%
Royal ally with the king punchElizabello
34%
Doflamingo family member with the art fruitJora
28%
Doflamingo's fatherHoming
23%
Doflamingo's deceased brotherRocinante
22%
Corrida colosseum announcerGatz
20%

Score Distribution

Percentile by Number Answered

Percent of People with Each Score

Your Score History

You have not taken this quiz